00651nam a2200241 a 4500001001300000003000900013005001700022008004100039020001000080082001600090100001200106245002000118260003000138300000900168500003500177505001600212650002500228700001200253902000800265942000700273952011600280999001300396nice12345678IN_TiNIC20260116011346.0050524s1949 teha grp 000 0 per  ac10000a891.51bSIN aSinai,  aHikayat-I-Sinai aTehranbJawad Pressc1949 a240p aincludes index and biblioraphy2 aIndex, 145p aPersian Poetry-Sinai1 aSinai,  bSRS cBK 001040708StackRoom-aHMIbHMId2007-06-01g100.00l0o891.51 SINp04525r2007-06-01v100.00w2005-05-24yBK c827d827